00531nam a2200169 a 450000100100000000500170001000800410002710000370006824500700010525000110017526000360018630000210022244000270024350000320027083000460030204000130034800002003220200929170234.0020522s1967 sp 000 m spa d1 aCampoamor, Ramón ded1817-190110aDolores. Cantares. Los pequeños poemas /cRamón de Campoamor. a5a ed. aMadrid :bEspasa-Calpe ,c1967. a186 p. ;c18 cm. 0aAustral. Violeta;v238 aIncluye índice de autores 0aAustralpVioleta: teatro y poesía;v238 aDO-SdBNP